书目信息 |
| 题名: |
泡沫雕制作与鉴赏
|
|
| 作者: | 孔令海 编著 | |
| 分册: | ||
| 出版信息: | 北京 中国轻工业出版社 2012 |
|
| 页数: | 92页 | |
| 开本: | 29cm | |
| 丛书名: | ||
| 单 册: | ||
| 中图分类: | TS972.114 , TS972.11 | |
| 科图分类: | ||
| 主题词: | 食品雕刻--雕塑技法--技术培训--教材 , 食品雕刻 , 雕塑技法 | |
| 电子资源: | ||
| ISBN: | 978-7-5019-8644-6 | |
| 000 | 00879nam0 2200289 450 | |
| 001 | 2351378275 | |
| 005 | 20231224141644.88 | |
| 010 | @a978-7-5019-8644-6@d35.00CNY | |
| 090 | @aTS972.1@bklh | |
| 096 | @aTS972.1@bklh | |
| 100 | @a20120507d2012 em y0chiy0120 ea | |
| 101 | 0 | @achi |
| 102 | @aCN@b110000 | |
| 105 | @aa z 000yy | |
| 200 | 1 | @a泡沫雕制作与鉴赏@b专著@f孔令海编著@Apao mo diao zhi zuo yu jian shang |
| 210 | @a北京@c中国轻工业出版社@d2012 | |
| 215 | @a92页@c彩图@d29cm | |
| 300 | @a餐饮行业职业技能培训教程 | |
| 330 | @a本书包括人物、动物、水族和吉祥四类泡沫雕的制作技法与作品欣赏。 | |
| 606 | 0 | @a食品雕刻@x雕塑技法@x技术培训@j教材 |
| 606 | 0 | @a食品雕刻 |
| 606 | 0 | @a雕塑技法 |
| 690 | @aTS972.114@v5 | |
| 690 | @aTS972.11@v4 | |
| 701 | 0 | @a孔令海@f(1967~)@4编著@Akong ling hai |
| 801 | 2 | @aCN@b辽宁北配@c20231205 |
| 905 | @aBZT@dTS972.11@e12 | |
| 泡沫雕制作与鉴赏/孔令海编著.-北京:中国轻工业出版社,2012 |
| 92页:彩图;29cm |
| 餐饮行业职业技能培训教程 |
| ISBN 978-7-5019-8644-6:35.00CNY |
| 本书包括人物、动物、水族和吉祥四类泡沫雕的制作技法与作品欣赏。 |
| ● |
| 相关链接 |
|
|
|
正题名:泡沫雕制作与鉴赏
索取号:TS972.11/12
 
预约/预借
| 序号 | 登录号 | 条形码 | 馆藏地/架位号 | 状态 | 备注 |
| 1 | 2001700105 | 2001700105 | 辽三/辽宁北配(第三批)/3930/ [索取号:TS972.11/12] | 在馆 | |
| 2 | 2001700106 | 2001700106 | 辽三/辽宁北配(第三批)/3930/ [索取号:TS972.11/12] | 在馆 | |
| 3 | 2001700107 | 2001700107 | 辽三/辽宁北配(第三批)/3930/ [索取号:TS972.11/12] | 在馆 | |
| 4 | 2001700108 | 2001700108 | 辽三/辽宁北配(第三批)/3930/ [索取号:TS972.11/12] | 在馆 | |
| 5 | 2001700109 | 2001700109 | 辽三/辽宁北配(第三批)/3930/ [索取号:TS972.11/12] | 在馆 | |
| 6 | 2001700110 | 2001700110 | 辽三/辽宁北配(第三批)/3930/ [索取号:TS972.11/12] | 在馆 | |
| 7 | 2001700111 | 2001700111 | 辽三/辽宁北配(第三批)/3930/ [索取号:TS972.11/12] | 在馆 | |
| 8 | 2001700112 | 2001700112 | 辽三/辽宁北配(第三批)/3930/ [索取号:TS972.11/12] | 在馆 | |
| 9 | 2001700113 | 2001700113 | 辽三/辽宁北配(第三批)/3930/ [索取号:TS972.11/12] | 在馆 | |
| 10 | 2001700114 | 2001700114 | 辽三/辽宁北配(第三批)/3930/ [索取号:TS972.11/12] | 在馆 | |
| 11 | 2001700115 | 2001700115 | 辽三/辽宁北配(第三批)/3930/ [索取号:TS972.11/12] | 在馆 | |
| 12 | 2001700116 | 2001700116 | 辽三/辽宁北配(第三批)/3930/ [索取号:TS972.11/12] | 在馆 | |
| 13 | 2001700117 | 2001700117 | 辽三/辽宁北配(第三批)/3930/ [索取号:TS972.11/12] | 在馆 | |
| 14 | 2001700118 | 2001700118 | 辽三/辽宁北配(第三批)/3930/ [索取号:TS972.11/12] | 在馆 | |
| 15 | 2001700119 | 2001700119 | 辽三/辽宁北配(第三批)/3930/ [索取号:TS972.11/12] | 在馆 | |
| 16 | 2001700120 | 2001700120 | 辽三/辽宁北配(第三批)/3930/ [索取号:TS972.11/12] | 在馆 | |
| 17 | 2001700121 | 2001700121 | 辽三/辽宁北配(第三批)/3930/ [索取号:TS972.11/12] | 在馆 | |
| 18 | 2001700122 | 2001700122 | 辽三/辽宁北配(第三批)/3930/ [索取号:TS972.11/12] | 在馆 | |
| 19 | 2001700123 | 2001700123 | 辽三/辽宁北配(第三批)/3930/ [索取号:TS972.11/12] | 在馆 | |
| 20 | 2001700124 | 2001700124 | 辽三/辽宁北配(第三批)/3930/ [索取号:TS972.11/12] | 在馆 | |
| 21 | 2001700125 | 2001700125 | 辽三/辽宁北配(第三批)/3930/ [索取号:TS972.11/12] | 在馆 | |
| 22 | 2001700126 | 2001700126 | 辽三/辽宁北配(第三批)/3930/ [索取号:TS972.11/12] | 在馆 | |
| 23 | 2001700127 | 2001700127 | 辽三/辽宁北配(第三批)/3930/ [索取号:TS972.11/12] | 在馆 | |
| 24 | 2001700128 | 2001700128 | 辽三/辽宁北配(第三批)/3930/ [索取号:TS972.11/12] | 在馆 | |
| 25 | 2001700129 | 2001700129 | 辽三/辽宁北配(第三批)/3930/ [索取号:TS972.11/12] | 在馆 | |
| 26 | 2001700130 | 2001700130 | 辽三/辽宁北配(第三批)/3930/ [索取号:TS972.11/12] | 在馆 | |
| 27 | 2001700131 | 2001700131 | 辽三/辽宁北配(第三批)/3930/ [索取号:TS972.11/12] | 在馆 | |
| 28 | 2001700132 | 2001700132 | 辽三/辽宁北配(第三批)/3930/ [索取号:TS972.11/12] | 在馆 | |
| 29 | 2001700133 | 2001700133 | 辽三/辽宁北配(第三批)/3930/ [索取号:TS972.11/12] | 在馆 | |
| 30 | 2001700134 | 2001700134 | 辽三/辽宁北配(第三批)/3930/ [索取号:TS972.11/12] | 在馆 |